MDQL
is popping MORE tags! Check the
thread
!
Quizzes
Events
Quiz Creation
Community
Videos
Private Events
Remove Ads
Sign In
Join for FREE
Feedback
Dark Mode
Quiz Categories
Sports
Geography
Music
Movies
Television
Just For Fun
Miscellaneous
History
Literature
Language
Science
Gaming
Entertainment
Religion
Holiday
For Kids
Quiz Lab
Recent
Popular Today
Quiz Kudos Today
Editor Picks
Curator Picks
Quizzes by...
Day
Popularity
Type
Ratings
Length
Year
Community
Subscriptions
Recent Discussions
Orange Saloon
Badges
Playlists
Quests
Create
Leaderboards
Showdown
Live 5
Trivia Bingo
Activity
Puzzle Library
Sporcle Events
Private Events
Virtual Trivia
Globe League
Become a Host
Pub Owners
SporcleCon
Opinionation
Our Games
Videos
Blog
Mobile Apps
Partnerships
Remove Ads and Go Orange
Feedback
Literature
Harry Potter
A Song of Ice and Fire
The Hunger Games
Literary Character
Shakespeare
Book
Author
Novel
Poem
Young Adult
Children's Books
Play
Lord of the Rings
Literature
Harry Potter
A Song of Ice and Fire
The Hunger Games
Literary Character
Shakespeare
Book
Author
Novel
Poem
Young Adult
Children's Books
Play
Lord of the Rings
Random Quiz
Search Sporcle
×
Quiz Lab
Quiz Lab
Literature
Drama
Type in answers that appear in a list
Type in answers that appear in a list
Classic
Best Score? Go Orange.
Drama Vocab 7th Hour Stats
Can you name the Drama Vocab 7th Hour
By
CountOn_Zebo
10m
4 Questions
2 Plays
2 Plays
2 Plays
Comments
Comments
Give Quiz Kudos
Give Quiz Kudos
-
- Ratings
hide this ad
Replay
Link that replays current quiz
Next Quiz
Link to next quiz in quiz playlist
You Got
0%
They Got
Avg Score
50%
Avg Friend Score
Upgrade to see
Score Distribution
Jump to the score distribution portion of the page
Score
0/4
Timer
10:00
0
Plays Today
Hint
Answer
% Correct
How sound moves in a room depends on its size and shape and the amount and position of sound-
absorbing and reflecting material.
Acoustics
100%
The area within the performance space where the actor moves in full view of the audience.
Acting area
50%
A passage through the seating
Aisle
50%
Section of the stage floor which projects
0%
Quiz Playlist
Details
Report
Send in Message
Add To Playlist
Classic:
Type in answers that appear in a list
Last Updated: Feb 16, 2017
Quiz Scoreboard
CHALLENGE
Sign Up to Join the Scoreboard
Show All
Scores
Hide
Comments
May contain spoilers
Recently Published
Two Season TV Shows II
by 123Four
Television
10m
Image Sorting: Flags VI
by Barbecue
Geography
2m
Find the 'City' Movie
by crazypaving
Movies
60s
More to Explore
Quiz From the Vault
Featured Blog Post
14 Easter Pick-up Lines to Find Eggs With
hide this ad
You Might Also Like...
Tags
7th
Drama
hour
Today's Top Quizzes in Literature
Browse Literature
hide this ad
Today's Top Quizzes in Drama
Browse Drama
Top Contributed Quizzes in Literature
1
Sneaky Slytherin Logic Puzzle
2
Criteria Quiz: Harry Potter Deaths
3
Get The Picture: Black or White Literature
4
Harry Potter logic puzzle: The Hogwarts Soap Opera
5
'Middle' Earth
6
Weasley Family Reunion: Logic Puzzle
7
Missing Word: John Steinbeck Title Images
8
Harry Potter Slytherin Logic Puzzle
9
Quick Pick: Easter in Book Titles
10
Harry Potter logic puzzle: Triwizard Tournament
Explore More
Trending Topics
Kpop
Anime
Disney
Harry Potter
NBA
Crossword
Marvel
Puzzle
WWE
Song
Soccer
The Office
NFL
Pokémon
Country
hide this ad
More By:
CountOn_Zebo
Quiz
Plays
Rating
Category
Featured
Created
Drama 7th Hour Vocab Challenge
40
Literature
Feb 25, 2014
Zebo's top 10 rap artists
31
Music
Jan 15, 2014
Drama Vocab 7th Hour
2
Literature
Feb 25, 2014
Go to Creator's Profile
Score Distribution
Quiz Creator Spotlight
CountOn_Zebo
Follow
Send a Message
Quizzes Created
-
Created Quiz Play Count
-
More By This Creator
Popular Quizzes Today
1
Find the US States - No Outlines Minefield
2
Colored Red Africa Blitz
3
Find the 'City' Movie
4
5x2 Blitz: Bands
5
The Countries of the World
6
Find the Countries of Europe - No Outlines Minefield
7
Find the US States
8
US States
More Literature Quizzes
Country by Nobel Literature Laureate
Published
Trending Quizzes
Colored Red Europe Blitz I
Colored Red Africa Blitz II
Colored Red Europe Blitz II
Even More Two Season TV Shows
Colored Red Africa Blitz III
Recently Updated
March Madness Men's Triple Doubles
pecheneg
How Do You Spell That?
pecheneg
Godzilla Movies
pecheneg
Grab Bag: 4-10 Letters
pecheneg
2024 March Madness Bracket
pecheneg
Famous TV Couples
Peacemaker
Champions League XIs: Real Madrid
pecheneg
Largest US Cities 1790-2010
pecheneg
Rides in Walt Disney World
pecheneg
Most Oscar Losses (Acting)
pecheneg
Trending Topics
Crossword
Kpop
Disney
NBA
Marvel
Harry Potter
Anime
Pokémon
The Office
Soccer
WWE
Country
NFL
Song
Puzzle
Your Account Isn't Verified!
In order to create a playlist on Sporcle, you need to verify the email address you used during registration. Go to your
Sporcle Settings
to finish the process.
Report this User
Report this user for behavior that violates our
Community Guidelines
.
Details:
Send Report
Go to the Sporcle.com Mobile Site →
Comments